000
00298nam a2200133Ia 4500
005
20260328101441.0
008
260328s9999||||xx |||||||||||||| ||und||
100
_a
Daix, Pierre
245
0
_a
Picasso 1900-1906 /
_c
Pierre Daix
260
_b
Blume
300
_a
352 p.
650
_a
ARTE
942
_c
BK
999
_c
8258
_d
8258